000
00303nam a2200109Ia 4500
008
220204s9999 xx 000 0 und d
082
_a
334.72
_b
HOS
100
_a
Hosmer, LaRue
245
0
_a
Entrepreneurial function: Text and cases on smaller firms
260
_a
London
_b
Prentice Hall
_c
1977
942
_c
BK
999
_c
29711
_d
29711